[Event "SVK Extraliga 2019-20"]
[Site "Slovakia"]
[Date "2019.11.24"]
[Round "4.2"]
[White "Vetoshko, Volodymyr"]
[Black "Kociscak, Jiri"]
[Result "1/2-1/2"]
[WhiteElo "2497"]
[BlackElo "2510"]
[Annotator "ChessBase"]
[PlyCount "53"]
[EventDate "2019.10.19"]
[EventType "team-tourn"]
[EventCountry "SVK"]
[SourceTitle "playchess.com"]
[Source "ChessBase"]
[SourceQuality "1"]
[WhiteTeam "Košice"]
[BlackTeam "Zilina"]
[TimeControl "40/5400+30:1800+30"]

1. e4 {[%emt 0:00:00]} e5 {[%emt 0:01:29]} 2. Nf3 {[%emt 0:00:00]} Nc6 {[%emt 0:00:07]} 3. Bb5 {[%emt 0:00:07]} a6 {[%emt 0:00:07]} 4. Ba4 {[%emt 0:00:04]} Nf6 {[%emt 0:00:07]} 5. O-O {[%emt 0:00:19]} Be7 {[%emt 0:00:09]} 6. Re1 {[%emt 0:00:13]} b5 {[%emt 0:00:07]} 7. Bb3 {[%emt 0:00:03]} O-O {[%emt 0:00:06]} 8. a4 {[%emt 0:00:49]} b4 {[%emt 0:13:29]} 9. d4 {[%emt 0:00:04]} d6 {[%emt 0:01:48]} 10. dxe5 {[%emt 0:00:01]} dxe5 {[%emt 0:05:14]} 11. Nbd2 {[%emt 0:00:20]} Bc5 {[%emt 0:09:43]} 12. Qe2 {[%emt 0:00:49]} Qe7 {[%emt 0:06:49]} 13. Bd5 {[%emt 0:30:47]} Nxd5 {[%emt 0:10:05]} 14. exd5 {[%emt 0:00:04]} Nd4 {[%emt 0:00:07]} 15. Nxd4 {[%emt 0:14:17]} Bxd4 {[%emt 0:02:25]} 16. Nb3 {[%emt 0:04:05]} Qd6 {[%emt 0:07:08]} 17. Nxd4 {[%emt 0:04:44]} exd4 {[%emt 0:00:06]} 18. Qc4 {[%emt 0:01:47]} Bb7 {[%emt 0:06:37]} 19. Qxd4 {[%emt 0:01:25]} Qxd5 {[%emt 0:11:05]} 20. Qxd5 {[%emt 0:00:29]} Bxd5 {[%emt 0:00:06]} 21. Bf4 {[%emt 0:05:56]} Rac8 {[%emt 0:04:01]} 22. f3 {[%emt 0:07:41]} h6 {[%emt 0:06:51]} 23. Kf2 {[%emt 0:02:10]} Be6 {[%emt 0:03:00]} 24. Re5 {[%emt 0:01:12]} c5 {[%emt 0:01:15]} 25. Rd1 {[%emt 0:01:03]} Rc6 {[%emt 0:00:33]} 26. a5 {[%emt 0:01:45]} Rfc8 {[%emt 0:01:34]} 27. Re2 {[%emt 0:04:44]} 1/2-1/2

[Event "SVK Extraliga 2019-20"]
[Site "Slovakia"]
[Date "2019.11.24"]
[Round "4.2"]
[White "Malinovsky, Karel"]
[Black "Haring, Filip"]
[Result "0-1"]
[WhiteElo "2472"]
[BlackElo "2298"]
[Annotator "ChessBase"]
[PlyCount "132"]
[EventDate "2019.10.19"]
[EventType "team-tourn"]
[EventCountry "SVK"]
[SourceTitle "playchess.com"]
[Source "ChessBase"]
[SourceQuality "1"]
[WhiteTeam "Liptovska"]
[BlackTeam "Liptovska"]
[TimeControl "40/5400+30:1800+30"]

1. e4 {[%emt 0:00:00]} c5 {[%emt 0:00:00]} 2. Nf3 {[%emt 0:00:00]} Nc6 {[%emt 0:00:08]} 3. d4 {[%emt 0:00:00]} cxd4 {[%emt 0:00:07]} 4. Nxd4 {[%emt 0:00:00]} e5 {[%emt 0:00:48]} 5. Nb5 {[%emt 0:00:12]} d6 {[%emt 0:00:11]} 6. c4 {[%emt 0:00:43]} Be7 {[%emt 0:00:15]} 7. N1c3 {[%emt 0:01:03]} a6 {[%emt 0:00:18]} 8. Na3 {[%emt 0:00:12]} f5 {[%emt 0:00:56]} 9. exf5 {[%emt 0:00:21]} Bxf5 {[%emt 0:00:08]} 10. Nc2 {[%emt 0:00:33]} Nf6 {[%emt 0:01:08]} 11. Ne3 {[%emt 0:00:20]} Be6 {[%emt 0:00:19]} 12. g3 {[%emt 0:02:17]} O-O {[%emt 0:00:56]} 13. Bg2 {[%emt 0:00:20]} Qd7 {[%emt 0:00:59]} 14. O-O {[%emt 0:06:38]} Bd8 {[%emt 0:02:02]} 15. Ncd5 {[%emt 0:07:38]} Ne7 {[%emt 0:08:05]} 16. b3 {[%emt 0:22:30]} Nexd5 {[%emt 0:14:47]} 17. Nxd5 {[%emt 0:04:09]} Nxd5 {[%emt 0:07:04]} 18. Bxd5 {[%emt 0:00:10]} Bb6 {[%emt 0:01:06]} 19. Qg4 {[%emt 0:04:21]} Rae8 {[%emt 0:06:49]} 20. Be3 {[%emt 0:03:04]} Bxe3 {[%emt 0:16:46]} 21. fxe3 {[%emt 0:00:09]} Rxf1+ {[%emt 0:00:05]} 22. Rxf1 {[%emt 0:00:08]} Qe7 {[%emt 0:00:42]} 23. Qe4 {[%emt 0:04:38]} b6 {[%emt 0:00:51]} 24. Bxe6+ {[%emt 0:04:29]} Qxe6 {[%emt 0:00:02]} 25. Qc6 {[%emt 0:00:16]} b5 {[%emt 0:06:02]} 26. cxb5 {[%emt 0:18:04]} axb5 {[%emt 0:00:08]} 27. Qxb5 {[%emt 0:02:59]} d5 {[%emt 0:07:10]} 28. Rc1 {[%emt 0:07:40]} Rf8 {[%emt 0:05:54]} 29. Qd3 {[%emt 0:00:48]} e4 {[%emt 0:05:58]} 30. Qd2 {[%emt 0:02:11]} Qf7 {[%emt 0:05:24]} 31. Qe2 {[%emt 0:02:29]} Qa7 {[%emt 0:01:07]} 32. Rf1 {[%emt 0:01:24]} Rd8 {[%emt 0:02:45]} 33. Rd1 {[%emt 0:00:34]} Qc5 {[%emt 0:01:37]} 34. Qd2 {[%emt 0:01:30]} h5 {[%emt 0:00:37]} 35. Qd4 {[%emt 0:01:17]} Qc2 {[%emt 0:00:25]} 36. Rd2 {[%emt 0:01:04]} Qb1+ {[%emt 0:01:17]} 37. Kg2 {[%emt 0:00:22]} Qe1 {[%emt 0:01:23]} 38. Rf2 {[%emt 0:01:24]} h4 {[%emt 0:00:29]} 39. gxh4 {[%emt 0:02:03]} Rd6 {[%emt 0:01:40]} 40. h5 {[%emt 0:00:10]} Qc1 {[%emt 0:02:56]} 41. Qa7 {[%emt 0:06:06]} Kh7 {[%emt 0:05:10]} 42. Qd4 {[%emt 0:10:01]} Qc8 {[%emt 0:05:26]} 43. Qe5 {[%emt 0:03:36]} Qg4+ {[%emt 0:03:18]} 44. Qg3 {[%emt 0:00:22]} Qd7 {[%emt 0:00:02]} 45. h3 {[%emt 0:01:36]} Qe7 {[%emt 0:06:55]} 46. Kh2 {[%emt 0:05:47]} Re6 {[%emt 0:07:02]} 47. Rd2 {[%emt 0:02:31]} Ra6 {[%emt 0:01:11]} 48. h4 {[%emt 0:03:28]} Qf7 {[%emt 0:01:47]} 49. Rg2 {[%emt 0:00:58]} Qe7 {[%emt 0:01:45]} 50. Qg5 {[%emt 0:00:40]} Rf6 {[%emt 0:01:40]} 51. a4 {[%emt 0:00:50]} Qc7+ {[%emt 0:00:43]} 52. Qg3 {[%emt 0:00:10]} Qd7 {[%emt 0:01:03]} 53. Rf2 {[%emt 0:00:58]} Rb6 {[%emt 0:00:30]} 54. a5 {[%emt 0:00:46]} Rh6 {[%emt 0:00:14]} 55. Qe5 {[%emt 0:00:31]} Qb7 {[%emt 0:00:48]} 56. Qf5+ {[%emt 0:00:39]} Kh8 {[%emt 0:00:28]} 57. Rc2 {[%emt 0:00:37]} Rc6 {[%emt 0:00:30]} 58. Qf8+ {[%emt 0:00:05]} Kh7 {[%emt 0:00:03]} 59. Qf5+ {[%emt 0:00:05]} Kh8 {[%emt 0:00:06]} 60. Rg2 {[%emt 0:01:06]} Qc7+ {[%emt 0:00:38]} 61. Kh3 {[%emt 0:00:39]} Rf6 {[%emt 0:00:25]} 62. Qxd5 {[%emt 0:00:38]} Rf3+ {[%emt 0:00:33]} 63. Kg4 {[%emt 0:00:06]} Qc8+ {[%emt 0:01:10]} 64. Kg5 {[%emt 0:00:08]} Qe8 {[%emt 0:00:36]} 65. h6 {[%emt 0:01:22]} gxh6+ {[%emt 0:00:26]} 66. Kxh6 {[%emt 0:00:31]} Rf6+ {[%emt 0:00:05]} 0-1

[Event "SVK Extraliga 2019-20"]
[Site "Slovakia"]
[Date "2019.11.24"]
[Round "4.2"]
[White "Rigo, Zsolt"]
[Black "Michalik, Peter"]
[Result "1/2-1/2"]
[WhiteElo "2396"]
[BlackElo "2592"]
[Annotator "ChessBase"]
[PlyCount "55"]
[EventDate "2019.10.19"]
[EventType "team-tourn"]
[EventCountry "SVK"]
[SourceTitle "playchess.com"]
[Source "ChessBase"]
[SourceQuality "1"]
[WhiteTeam "Streda"]
[BlackTeam "Modra"]
[TimeControl "40/5400+30:1800+30"]

1. e4 {[%emt 0:00:00]} c5 {[%emt 0:00:00]} 2. Nf3 {[%emt 0:00:00]} Nc6 {[%emt 0:00:16]} 3. d4 {[%emt 0:00:06]} cxd4 {[%emt 0:00:05]} 4. Nxd4 {[%emt 0:00:04]} e6 {[%emt 0:00:12]} 5. Nc3 {[%emt 0:01:43]} Qc7 {[%emt 0:00:08]} 6. Be2 {[%emt 0:00:26]} Nf6 {[%emt 0:00:08]} 7. O-O {[%emt 0:01:02]} Be7 {[%emt 0:00:11]} 8. Be3 {[%emt 0:02:23]} O-O {[%emt 0:00:30]} 9. f4 {[%emt 0:04:19]} d6 {[%emt 0:00:43]} 10. Qe1 {[%emt 0:07:51]} Nxd4 {[%emt 0:00:41]} 11. Bxd4 {[%emt 0:00:10]} e5 {[%emt 0:00:05]} 12. Be3 {[%emt 0:00:53]} exf4 {[%emt 0:01:19]} 13. Bxf4 {[%emt 0:00:27]} Be6 {[%emt 0:04:39]} 14. Qg3 {[%emt 0:03:07]} Rac8 {[%emt 0:21:44]} 15. Kh1 {[%emt 0:06:02]} Ne8 {[%emt 0:05:15]} 16. Bd3 {[%emt 0:02:47]} Qb6 {[%emt 0:04:23]} 17. Nd5 {[%emt 0:08:50]} Bxd5 {[%emt 0:00:29]} 18. exd5 {[%emt 0:00:02]} Qd8 {[%emt 0:05:14]} 19. Be3 {[%emt 0:07:21]} b6 {[%emt 0:04:55]} 20. Rae1 {[%emt 0:11:04]} g6 {[%emt 0:06:45]} 21. Bh6 {[%emt 0:03:54]} Ng7 {[%emt 0:06:07]} 22. Qf4 {[%emt 0:00:10]} f5 {[%emt 0:03:35]} 23. Bxg7 {[%emt 0:12:48]} Kxg7 {[%emt 0:00:07]} 24. Re6 {[%emt 0:00:02]} Rf6 {[%emt 0:10:34]} 25. Rfe1 {[%emt 0:02:27]} Rxe6 {[%emt 0:00:08]} 26. Rxe6 {[%emt 0:03:16]} Qc7 {[%emt 0:04:35]} 27. c3 {[%emt 0:02:37]} Rf8 {[%emt 0:00:24]} 28. Qc4 {[%emt 0:01:51]} 1/2-1/2

[Event "SVK Extraliga 2019-20"]
[Site "Slovakia"]
[Date "2019.11.24"]
[Round "4.2"]
[White "Macko, Miroslav"]
[Black "Zilka, Stepan"]
[Result "1/2-1/2"]
[WhiteElo "2303"]
[BlackElo "2551"]
[Annotator "ChessBase"]
[PlyCount "107"]
[EventDate "2019.10.19"]
[EventType "team-tourn"]
[EventCountry "SVK"]
[SourceTitle "playchess.com"]
[Source "ChessBase"]
[SourceQuality "1"]
[WhiteTeam "Bratislava"]
[BlackTeam "Prakovce"]
[TimeControl "40/5400+30:1800+30"]

1. d4 {[%emt 0:00:00]} d5 {[%emt 0:00:02]} 2. c4 {[%emt 0:00:00]} e6 {[%emt 0:00:34]} 3. Nf3 {[%emt 0:00:02]} Nf6 {[%emt 0:00:07]} 4. Nc3 {[%emt 0:00:56]} c6 {[%emt 0:00:48]} 5. e3 {[%emt 0:01:07]} Nbd7 {[%emt 0:00:06]} 6. Qc2 {[%emt 0:02:37]} Bd6 {[%emt 0:00:13]} 7. b3 {[%emt 0:03:04]} O-O {[%emt 0:00:31]} 8. Bb2 {[%emt 0:03:58]} Qe7 {[%emt 0:00:06]} 9. Be2 {[%emt 0:02:47]} b6 {[%emt 0:06:08]} 10. O-O {[%emt 0:01:30]} Bb7 {[%emt 0:00:03]} 11. e4 {[%emt 0:08:39]} Nxe4 {[%emt 0:00:12]} 12. Nxe4 {[%emt 0:00:11]} dxe4 {[%emt 0:00:03]} 13. Qxe4 {[%emt 0:00:09]} f5 {[%emt 0:01:47]} 14. Qc2 {[%emt 0:01:59]} c5 {[%emt 0:00:09]} 15. Rad1 {[%emt 0:06:52]} cxd4 {[%emt 0:13:34]} 16. Nxd4 {[%emt 0:03:21]} Rf6 {[%emt 0:10:52]} 17. Bf3 {[%emt 0:08:32]} Bxh2+ {[%emt 0:03:02]} 18. Kxh2 {[%emt 0:04:02]} Rh6+ {[%emt 0:00:23]} 19. Kg1 {[%emt 0:00:09]} Qh4 {[%emt 0:02:51]} 20. Bh5 {[%emt 0:00:11]} Rxh5 {[%emt 0:19:02]} 21. f3 {[%emt 0:00:37]} Nf6 {[%emt 0:02:33]} 22. Qe2 {[%emt 0:16:02]} Re8 {[%emt 0:00:18]} 23. Nb5 {[%emt 0:03:03]} Qh2+ {[%emt 0:07:02]} 24. Kf2 {[%emt 0:00:08]} Rg5 {[%emt 0:00:09]} 25. Rg1 {[%emt 0:01:22]} Qh4+ {[%emt 0:13:11]} 26. Ke3 {[%emt 0:12:10]} e5 {[%emt 0:04:15]} 27. Kd2 {[%emt 0:02:24]} e4 {[%emt 0:00:52]} 28. Bxf6 {[%emt 0:01:36]} gxf6 {[%emt 0:00:01]} 29. Kc2 {[%emt 0:01:25]} Bc6 {[%emt 0:00:47]} 30. Nd6 {[%emt 0:04:34]} exf3 {[%emt 0:00:26]} 31. Qd3 {[%emt 0:02:25]} Rxg2+ {[%emt 0:04:03]} 32. Kc3 {[%emt 0:01:36]} Qh2 {[%emt 0:05:19]} 33. Nxe8 {[%emt 0:02:07]} Qe5+ {[%emt 0:01:05]} 34. Qd4 {[%emt 0:00:11]} Bxe8 {[%emt 0:00:12]} 35. Rge1 {[%emt 0:04:58]} Re2 {[%emt 0:00:08]} 36. Rxe2 {[%emt 0:00:33]} fxe2 {[%emt 0:00:10]} 37. Rg1+ {[%emt 0:00:12]} Kf8 {[%emt 0:00:36]} 38. Qxe5 {[%emt 0:00:20]} fxe5 {[%emt 0:00:03]} 39. Kd2 {[%emt 0:00:06]} Bh5 {[%emt 0:00:06]} 40. Rh1 {[%emt 0:00:26]} Bg6 {[%emt 0:01:28]} 41. Kxe2 {[%emt 0:32:46]} Ke7 {[%emt 0:30:13]} 42. b4 {[%emt 0:01:12]} f4 {[%emt 0:02:07]} 43. c5 {[%emt 0:00:00]} bxc5 {[%emt 0:00:00]} 44. bxc5 {[%emt 0:00:00]} h5 {[%emt 0:00:00]} 45. Rg1 {[%emt 0:00:00]} Be8 {[%emt 0:00:00]} 46. Rg7+ {[%emt 0:00:00]} Ke6 {[%emt 0:00:00]} 47. Rxa7 {[%emt 0:00:00]} Bb5+ {[%emt 0:00:00]} 48. Kf3 {[%emt 0:00:00]} Bc6+ {[%emt 0:00:00]} 49. Kf2 {[%emt 0:00:00]} e4 {[%emt 0:00:00]} 50. Rh7 {[%emt 0:00:00]} Kd5 {[%emt 0:00:00]} 51. Rxh5+ {[%emt 0:00:00]} Kd4 {[%emt 0:00:00]} 52. Rh6 {[%emt 0:00:00]} e3+ {[%emt 0:00:00]} 53. Ke1 {[%emt 0:00:00]} Kxc5 {[%emt 0:00:00]} 54. Rf6 {[%emt 0:00:00]} 1/2-1/2

[Event "SVK Extraliga 2019-20"]
[Site "Slovakia"]
[Date "2019.11.24"]
[Round "4.2"]
[White "Haring, Filip"]
[Black "Malinovsky, Karel"]
[Result "*"]
[WhiteElo "2298"]
[BlackElo "2472"]
[Annotator "ChessBase"]
[PlyCount "26"]
[EventDate "2019.10.19"]
[EventType "team-tourn"]
[EventCountry "SVK"]
[SourceTitle "playchess.com"]
[Source "ChessBase"]
[SourceQuality "1"]
[WhiteTeam "Liptovska"]
[TimeControl "40/5400+30:1800+30"]

1. e4 {[%emt 0:00:00]} c5 {[%emt 0:00:00]} 2. Nf3 {[%emt 0:00:00]} Nc6 {[%emt 0:00:08]} 3. d4 {[%emt 0:00:00]} cxd4 {[%emt 0:00:07]} 4. Nxd4 {[%emt 0:00:00]} e5 {[%emt 0:00:48]} 5. Nb5 {[%emt 0:00:12]} d6 {[%emt 0:00:11]} 6. c4 {[%emt 0:00:43]} Be7 {[%emt 0:00:15]} 7. N1c3 {[%emt 0:01:03]} a6 {[%emt 0:00:18]} 8. Na3 {[%emt 0:00:12]} f5 {[%emt 0:00:56]} 9. exf5 {[%emt 0:00:21]} Bxf5 {[%emt 0:00:08]} 10. Nc2 {[%emt 0:00:33]} Nf6 {[%emt 0:01:08]} 11. Ne3 {[%emt 0:00:20]} Be6 {[%emt 0:00:19]} 12. g3 {[%emt 0:02:17]} O-O {[%emt 0:00:56]} 13. Bg2 {[%emt 0:00:20]} Qd7 {[%emt 0:00:59]} *

[Event "SVK Extraliga 2019-20"]
[Site "Slovakia"]
[Date "2019.11.24"]
[Round "4.3"]
[White "Bernasek, Jan"]
[Black "Nayhebaver, Martin"]
[Result "1-0"]
[WhiteElo "2490"]
[BlackElo "2471"]
[Annotator "ChessBase"]
[PlyCount "73"]
[EventDate "2019.10.19"]
[EventType "team-tourn"]
[EventCountry "SVK"]
[SourceTitle "playchess.com"]
[Source "ChessBase"]
[SourceQuality "1"]
[WhiteTeam "Košice"]
[BlackTeam "Zilina"]
[TimeControl "40/5400+30:1800+30"]

1. d4 {[%emt 0:00:00]} Nf6 {[%emt 0:00:00]} 2. c4 {[%emt 0:00:00]} e6 {[%emt 0:00:22]} 3. Nc3 {[%emt 0:00:00]} Bb4 {[%emt 0:00:20]} 4. Qc2 {[%emt 0:00:00]} c5 {[%emt 0:01:30]} 5. dxc5 {[%emt 0:02:54]} O-O {[%emt 0:00:15]} 6. Nf3 {[%emt 0:00:37]} Na6 {[%emt 0:00:33]} 7. g3 {[%emt 0:00:34]} Nxc5 {[%emt 0:00:56]} 8. Bg2 {[%emt 0:00:06]} b6 {[%emt 0:05:16]} 9. O-O {[%emt 0:02:13]} Bb7 {[%emt 0:00:19]} 10. Rd1 {[%emt 0:04:20]} Nce4 {[%emt 0:10:54]} 11. Nxe4 {[%emt 0:04:42]} Bxe4 {[%emt 0:04:01]} 12. Qa4 {[%emt 0:01:08]} Be7 {[%emt 0:04:05]} 13. Bf4 {[%emt 0:02:07]} Qc8 {[%emt 0:01:15]} 14. Ne5 {[%emt 0:07:44]} Bxg2 {[%emt 0:16:43]} 15. Kxg2 {[%emt 0:01:20]} Rd8 {[%emt 0:00:34]} 16. Bg5 {[%emt 0:06:26]} h6 {[%emt 0:10:08]} 17. Bxf6 {[%emt 0:02:49]} Bxf6 {[%emt 0:00:08]} 18. Nxd7 {[%emt 0:00:23]} Bxb2 {[%emt 0:01:20]} 19. Rab1 {[%emt 0:00:57]} Bc3 {[%emt 0:01:32]} 20. Rb3 {[%emt 0:03:56]} Be5 {[%emt 0:06:18]} 21. Rbd3 {[%emt 0:02:47]} Qb7+ {[%emt 0:02:58]} 22. f3 {[%emt 0:06:28]} Bc7 {[%emt 0:00:23]} 23. h4 {[%emt 0:10:06]} Rdc8 {[%emt 0:06:59]} 24. h5 {[%emt 0:08:11]} a6 {[%emt 0:05:54]} 25. Rd4 {[%emt 0:04:55]} b5 {[%emt 0:02:17]} 26. Qb4 {[%emt 0:01:07]} e5 {[%emt 0:08:03]} 27. Nf6+ {[%emt 0:08:12]} Kh8 {[%emt 0:05:49]} 28. Rd7 {[%emt 0:00:25]} Qc6 {[%emt 0:02:47]} 29. Rxf7 {[%emt 0:03:07]} Qxc4 {[%emt 0:00:04]} 30. Rxg7 {[%emt 0:05:16]} Kxg7 {[%emt 0:01:06]} 31. Rd7+ {[%emt 0:00:04]} Qf7 {[%emt 0:00:22]} 32. Rxf7+ {[%emt 0:00:44]} Kxf7 {[%emt 0:00:05]} 33. Ng4 {[%emt 0:00:12]} Rh8 {[%emt 0:01:45]} 34. Qe4 {[%emt 0:00:25]} Ke6 {[%emt 0:00:45]} 35. f4 {[%emt 0:03:10]} Rag8 {[%emt 0:01:12]} 36. Qc6+ {[%emt 0:00:27]} Bd6 {[%emt 0:00:24]} 37. fxe5 {[%emt 0:00:10] Kd5} 1-0

[Event "SVK Extraliga 2019-20"]
[Site "Slovakia"]
[Date "2019.11.24"]
[Round "4.3"]
[White "Pacher, Milan"]
[Black "Hrabusa, Matej"]
[Result "*"]
[WhiteElo "2442"]
[BlackElo "2360"]
[Annotator "NA"]
[PlyCount "30"]
[EventDate "2019.10.19"]
[EventType "team-tourn"]
[EventCountry "SVK"]
[SourceTitle "playchess.com"]
[Source "ChessBase"]
[SourceQuality "1"]
[WhiteTeam "Slovan"]
[BlackTeam "Liptovska"]
[TimeControl "40/5400+30:1800+30"]

1. e4 {[%emt 0:00:00]} e5 {[%emt 0:00:00]} 2. Nf3 {[%emt 0:00:00]} Nc6 {[%emt 0:00:00]} 3. Bb5 {[%emt 0:00:00]} Nf6 {[%emt 0:00:00]} 4. O-O {[%emt 0:00:04]} Nxe4 {[%emt 0:00:00]} 5. Re1 {[%emt 0:00:13]} Nd6 {[%emt 0:00:00]} 6. Nxe5 {[%emt 0:00:08]} Be7 {[%emt 0:00:00]} 7. Bf1 {[%emt 0:00:33]} Nxe5 {[%emt 0:00:00]} 8. Rxe5 {[%emt 0:00:11]} O-O {[%emt 0:00:02]} 9. d4 {[%emt 0:00:13]} Bf6 {[%emt 0:00:34]} 10. Re1 {[%emt 0:00:42]} Re8 {[%emt 0:00:12]} 11. Bf4 {[%emt 0:00:33]} Rxe1 {[%emt 0:04:17]} 12. Qxe1 {[%emt 0:00:08]} Ne8 {[%emt 0:00:20]} 13. Nc3 {[%emt 0:01:04]} Bxd4 {[%emt 0:00:52]} 14. Nd5 {[%emt 0:00:38]} d6 {[%emt 0:01:11]} 15. Bg5 {[%emt 0:02:35]} f6 {[%emt 0:01:52]} *

[Event "SVK Extraliga 2019-20"]
[Site "Slovakia"]
[Date "2019.11.24"]
[Round "4.3"]
[White "Vykouk, Jan"]
[Black "Bagi, Mate"]
[Result "1/2-1/2"]
[WhiteElo "2433"]
[BlackElo "2461"]
[Annotator "ChessBase"]
[PlyCount "111"]
[EventDate "2019.10.19"]
[EventType "team-tourn"]
[EventCountry "SVK"]
[SourceTitle "playchess.com"]
[Source "ChessBase"]
[SourceQuality "1"]
[WhiteTeam "Modra"]
[BlackTeam "Streda"]
[TimeControl "40/5400+30:1800+30"]

1. e4 {[%emt 0:00:00]} e5 {[%emt 0:00:00]} 2. Nf3 {[%emt 0:00:00]} Nc6 {[%emt 0:00:00]} 3. Bc4 {[%emt 0:00:00]} Nf6 {[%emt 0:00:39]} 4. d3 {[%emt 0:00:03]} h6 {[%emt 0:05:16]} 5. c3 {[%emt 0:00:17]} d6 {[%emt 0:02:22]} 6. Nbd2 {[%emt 0:01:08]} g5 {[%emt 0:05:30]} 7. h3 {[%emt 0:00:06]} Bg7 {[%emt 0:01:52]} 8. Bb3 {[%emt 0:00:45]} Ne7 {[%emt 0:13:24]} 9. Nf1 {[%emt 0:04:17]} c6 {[%emt 0:17:48]} 10. Ne3 {[%emt 0:04:15]} g4 {[%emt 0:19:55]} 11. hxg4 {[%emt 0:00:05]} Nxg4 {[%emt 0:00:13]} 12. Nh4 {[%emt 0:02:22]} Nxe3 {[%emt 0:01:35]} 13. Bxe3 {[%emt 0:00:08]} d5 {[%emt 0:01:03]} 14. Qh5 {[%emt 0:01:38]} Be6 {[%emt 0:02:15]} 15. Nf5 {[%emt 0:05:47]} Nxf5 {[%emt 0:05:26]} 16. exf5 {[%emt 0:00:06]} Bd7 {[%emt 0:00:09]} 17. O-O-O {[%emt 0:00:16]} a5 {[%emt 0:05:51]} 18. a3 {[%emt 0:04:03]} Qf6 {[%emt 0:02:45]} 19. g4 {[%emt 0:00:09]} O-O-O {[%emt 0:01:17]} 20. d4 {[%emt 0:06:28]} e4 {[%emt 0:00:57]} 21. Bf4 {[%emt 0:00:20]} Rde8 {[%emt 0:01:53]} 22. Rhe1 {[%emt 0:13:52]} Rhf8 {[%emt 0:01:55]} 23. f3 {[%emt 0:00:46]} exf3 {[%emt 0:01:07]} 24. Be5 {[%emt 0:06:26]} f2 {[%emt 0:00:49]} 25. Rf1 {[%emt 0:00:30]} Rxe5 {[%emt 0:00:24]} 26. dxe5 {[%emt 0:00:06]} Qxe5 {[%emt 0:00:07]} 27. Rxf2 {[%emt 0:00:40]} Qe3+ {[%emt 0:01:02]} 28. Rfd2 {[%emt 0:00:06]} Be5 {[%emt 0:02:42]} 29. Kb1 {[%emt 0:00:57]} f6 {[%emt 0:00:53]} 30. Rd3 {[%emt 0:00:48]} Qg5 {[%emt 0:00:14]} 31. Qxg5 {[%emt 0:02:13]} hxg5 {[%emt 0:00:06]} 32. Rh3 {[%emt 0:00:25]} Rf7 {[%emt 0:00:50]} 33. c4 {[%emt 0:02:06]} dxc4 {[%emt 0:00:54]} 34. Bxc4 {[%emt 0:00:07]} Re7 {[%emt 0:00:03]} 35. Rh8+ {[%emt 0:02:48]} Kc7 {[%emt 0:00:49]} 36. a4 {[%emt 0:10:42]} c5 {[%emt 0:02:06]} 37. b3 {[%emt 0:14:36]} Bd4 {[%emt 0:00:26]} 38. Rf8 {[%emt 0:08:48]} Re4 {[%emt 0:02:06]} 39. Rf7 {[%emt 0:00:15]} Kd6 {[%emt 0:00:39]} 40. Rxf6+ {[%emt 0:00:23]} Ke5 {[%emt 0:00:24]} 41. Rf7 {[%emt 0:31:13]} Bc6 {[%emt 0:02:05]} 42. Re7+ {[%emt 0:00:00]} Kf4 {[%emt 0:07:16]} 43. Rxe4+ {[%emt 0:00:00]} Bxe4+ {[%emt 0:00:13]} 44. Kc1 {[%emt 0:00:00]} Kxg4 {[%emt 0:08:26]} 45. Rxd4 {[%emt 0:00:00]} cxd4 {[%emt 0:00:04]} 46. f6 {[%emt 0:00:00]} Bg6 {[%emt 0:00:07]} 47. f7 {[%emt 0:00:00]} Bxf7 {[%emt 0:00:02]} 48. Bxf7 {[%emt 0:00:00]} Kf3 {[%emt 0:02:10]} 49. Kd2 {[%emt 0:00:00]} Ke4 {[%emt 0:00:34]} 50. Be6 {[%emt 0:00:00]} b6 {[%emt 0:00:33]} 51. Bd7 {[%emt 0:00:00]} Kd5 {[%emt 0:00:43]} 52. Kd3 {[%emt 0:00:00]} Kd6 {[%emt 0:00:30]} 53. Bc8 {[%emt 0:05:33]} Kc5 {[%emt 0:02:00]} 54. Bd7 {[%emt 0:00:24]} Kd6 {[%emt 0:00:07]} 55. Bb5 {[%emt 0:00:06]} Kc5 {[%emt 0:01:17]} 56. Bd7 {[%emt 0:02:46]} 1/2-1/2